Rzym - Statystyki

Ogólne statystyki
  • Ten quiz został rozwiązany 7 razy
  • Średni wynik to 5 z 20
Statystyki odpowiedzi
Hint Odpowiedź % Poprawnych
Data założenia Rzymu 753 pne
100%
Ostatni Wygnany Król Tarkwiniusz Pyszny
60%
Prawo XII Tablic kiedy 449 pne
40%
Data Buntu Plebejuszy i nazwa urzędu który powstał 494 pne Trybun Ludowy
40%
Data przekroczenia przez cezara Rubikonu 49 pne
40%
Data ustanowienia republiki 509 pne
40%
III Wojna Punicka 149-146 pne
20%
Dokładana data śmierci Juliusza Cezara 15 marca 44 p.n.e
20%
Karakella nadaję obywatelstwo 212 ne
20%
I Wojna Punicka 264-241 pne
20%
Data upadku cesarstwa Rzymskiego zachodniego 476 ne
20%
Urzędnik który spisywał listy senatorów Cenzor
20%
Nazwa przywódcy buntu wojskowego, odesłał insygnia Odoaker
20%
Kto zakazał kultów pogańskich Teodozjusz Wielki
20%
II Wojna Punicka 218-201 pne
0%
Najważniejsza bitwa pomiędzy triumwiatem Akcjum 31 pne
0%
Kto i kiedy wydał edykt Mediolański Konstanty Wielki 313 ne
0%
II Triumwiat Marek Antoniusz, Oktawian , Marek Lepidus
0%
I Triumwiat kto Pompejusz,Krassus, Juliusz Cezar
0%
Kto zdobył Rzym Wandalowie 455, Wizygoci 410
0%
Nie znaleziono quizów pasujących do podanych kryteriów
Rozkład punktacji
Procent ludzi z każdym wynikiem
Percentyl według liczby udzielonych odpowiedzi
Twoja historia wyników
Nie rozwiązałeś tego quizu